000 00230nam a2200097Ia 4500
008 190216s9999||||xx |||||||||||||| ||und||
100 _aPrabhakarn
245 0 _aBoudika Preshnavali
260 _bKerala Bhasha Institute
942 _cBK
999 _c37604
_d37604